Core concepts in cultural anthropology / (Record no. 8620)

MARC details
000 -LEADER
fixed length control field 01062cam a22003014a 4500
001 - CONTROL NUMBER
control field 15549926
003 - CONTROL NUMBER IDENTIFIER
control field 20170502113021.0
005 - DATE AND TIME OF LATEST TRANSACTION
control field 20240606081059.0
008 - FIXED-LENGTH DATA ELEMENTS--GENERAL INFORMATION
fixed length control field 081209s2010 mau b 001 0 eng
010 ## - LIBRARY OF CONGRESS CONTROL NUMBER
LC control number 2008051736
020 ## - INTERNATIONAL STANDARD BOOK NUMBER
International Standard Book Number 9780073530987 (alk. paper)
020 ## - INTERNATIONAL STANDARD BOOK NUMBER
International Standard Book Number 0073530980 (alk. paper)
040 ## - CATALOGING SOURCE
Original cataloging agency DLC
Transcribing agency DLC
Modifying agency DLC
050 00 - LIBRARY OF CONGRESS CALL NUMBER
Classification number GN316
Item number .L39 2010
082 00 - DEWEY DECIMAL CLASSIFICATION NUMBER
Classification number 306
Edition information 22
100 1# - MAIN ENTRY--PERSONAL NAME
Personal name Lavenda, Robert H.
245 10 - TITLE STATEMENT
Title Core concepts in cultural anthropology /
250 ## - EDITION STATEMENT
Edition statement 4th ed.
260 ## - PUBLICATION, DISTRIBUTION, ETC.
Place of publication, distribution, etc. Boston :
Name of publisher, distributor, etc. McGraw-Hill,
Date of publication, distribution, etc. c2010.
300 ## - PHYSICAL DESCRIPTION
Extent xiii, 258 p. ;
Dimensions 23 cm.
504 ## - BIBLIOGRAPHY, ETC. NOTE
Bibliography, etc. note Includes bibliographical references (p. 239-249) and index.
650 #0 - SUBJECT ADDED ENTRY--TOPICAL TERM
Topical term or geographic name entry element Ethnology.
650 #0 - SUBJECT ADDED ENTRY--TOPICAL TERM
Topical term or geographic name entry element Ethnology
Form subdivision Bibliography.
700 1# - ADDED ENTRY--PERSONAL NAME
Personal name Schultz, Emily A.
Fuller form of name (Emily Ann),
Dates associated with a name 1949-
906 ## - LOCAL DATA ELEMENT F, LDF (RLIN)
a 7
b cbc
c orignew
d 1
e ecip
f 20
g y-gencatlg
942 ## - ADDED ENTRY ELEMENTS (KOHA)
Source of classification or shelving scheme Library of Congress Classification
Koha item type Books
Holdings
Withdrawn status Lost status Source of classification or shelving scheme Damaged status Not for loan Home library Current library Date acquired Total checkouts Full call number Barcode Date last seen Price effective from Koha item type
    Library of Congress Classification     Murang'a University of Technology Library Murang'a University of Technology Library 02/05/2017   GN316 .L39 2010 009106 02/05/2017 02/05/2017 Books
    Library of Congress Classification     Murang'a University of Technology Library Murang'a University of Technology Library 02/05/2017   GN316 .L39 2010 009105 02/05/2017 02/05/2017 Books
    Library of Congress Classification     Murang'a University of Technology Library Murang'a University of Technology Library 02/05/2017   GN316 .L39 2010 009104 02/05/2017 02/05/2017 Books
    Library of Congress Classification     Murang'a University of Technology Library Murang'a University of Technology Library 02/05/2017   GN316 .L39 2010 009103 02/05/2017 02/05/2017 Books
    Library of Congress Classification     Murang'a University of Technology Library Murang'a University of Technology Library 02/05/2017   GN316 .L39 2010 009110 02/05/2017 02/05/2017 Books
    Library of Congress Classification     Murang'a University of Technology Library Murang'a University of Technology Library 02/05/2017   GN316 .L39 2010 009109 02/05/2017 02/05/2017 Books
    Library of Congress Classification     Murang'a University of Technology Library Murang'a University of Technology Library 02/05/2017   GN316 .L39 2010 009108 02/05/2017 02/05/2017 Books
    Library of Congress Classification     Murang'a University of Technology Library Murang'a University of Technology Library 02/05/2017   GN316 .L39 2010 009107 02/05/2017 02/05/2017 Books
    Library of Congress Classification     Murang'a University of Technology Library Murang'a University of Technology Library 02/05/2017   GN316 .L39 2010 009111 02/05/2017 02/05/2017 Books